00714nam a2200241 a 4500001001300000003000900013005001700022008004100039020001000080082001800090100001500108245007600123260003400199300000900233500003500242505001000277650001900287700001500306902000800321942000700329952011900336999001700455nice12345678IN_TiNIC20260116013947.0070614s1996 cala grp 000 0 eng  ac45000a230.0954bSOM aSomen, Das aDharma of the Twenty-First Centurybtheological-Edthical Paradigm Shift aCalcuttabPunthi-Pustakc1996 a384p aincludes index and biblioraphy2 aIndex aTheology-India1 aSomen, Das bSRS cBK 001040708StackRoom-aHMIbHMId2007-06-14g450.00l0o230.0954 SOMp019042r2007-06-14v450.00w2007-06-14yBK c13272d13272